00744nam a22002057a 450000500170000001000150001702000260003203500140005803700090007208200120008110000360009324500760012926000440020527000530024930000230030270000360032594200260036199900190038795201320040620240522115128.0 aENG-140464 a9788192812533c500.00 aEN-123996 bDBAD a809.933 aChaudhuri, Kalyan Bhanja966723 aGoethe And Tagore Parallel Lives And Works/cby Kalyan Bhanja Chaudhuri aKolkatab Kalyan Bhanja Chaudhuric2022 a356/20, S. K. B. Sarani, DumDumbKolkatae700006 a303 p.c21cm, (hb} aChaudhuri, Kalyan Bhanja966297 2ddccENh809.933mCHA c203150d203150 001040708NFICaNPLbNPLd2024-05-22eDBADg500.00l0o809.933 CHApEN-123996r2024-05-22 00:00:00t1v500.00w2024-05-22yEN